<?xml version="1.0" encoding="UTF-8"?>
<record
    xmlns:xsi="http://www.w3.org/2001/XMLSchema-instance"
    xsi:schemaLocation="http://www.loc.gov/MARC21/slim http://www.loc.gov/standards/marcxml/schema/MARC21slim.xsd"
    xmlns="http://www.loc.gov/MARC21/slim">

  <leader>01983    a2200229   4500</leader>
  <controlfield tag="001">56886</controlfield>
  <controlfield tag="005">20260407155831.0</controlfield>
  <controlfield tag="008">260407a1987    arg                 spa d</controlfield>
  <controlfield tag="003">AR-UNSa-BCEJYS</controlfield>
  <datafield tag="040" ind1=" " ind2=" ">
    <subfield code="a">AR-UNSa-BCEJYS</subfield>
    <subfield code="b">spa</subfield>
    <subfield code="c">AR-UNSa-BCEJYS</subfield>
  </datafield>
  <datafield tag="080" ind1=" " ind2=" ">
    <subfield code="a">330.101.542</subfield>
    <subfield code="x">Microeconom&#xED;a</subfield>
  </datafield>
  <datafield tag="245" ind1="1" ind2="0">
    <subfield code="a">Micreconom&#xED;a</subfield>
    <subfield code="p">teor&#xED;a y aplicaciones</subfield>
  </datafield>
  <datafield tag="264" ind1=" " ind2="1">
    <subfield code="a">Buenos Aires :</subfield>
    <subfield code="b">Tesis</subfield>
    <subfield code="c">1987</subfield>
  </datafield>
  <datafield tag="300" ind1=" " ind2=" ">
    <subfield code="a">637 p.</subfield>
    <subfield code="c">23 cm.</subfield>
  </datafield>
  <datafield tag="505" ind1=" " ind2=" ">
    <subfield code="a">Parte I : Introducci&#xF3;n : 1. La naturaleza de la micreconom&#xED;a - 2. Demanda y oferta - Parte II : El comportamiento del consumidor y la demanda del mercado : 3. Los gastos y preferencias del consumidor - 4. EL Comportamiento del consumidor y la demanda individual - 5. Demanda de mercado - Parte III : La empresa : su tecnolog&#xED;a y sus costos : 6. La empresa y su tecnolog&#xED;a - 7. Las combinaciones &#xF3;ptimas de los insumos y las funciones de costo - Parte IV: Estructura de mercado, precio y producci&#xF3;n : 8. Precio y producci&#xF3;n bajo competencia perfecta - 9. Precio y producto bajo monopolio puro - 10. Precio y producto bajo competencia monopol&#xF1;istica - 11. Precio y producto bajo oligopolio - Parte V : Mercado de insumo : 12. Precio y empleo de insumos bajo competencia perfecta - 13. Precio y empleo de los insumos bajo competencia imperfecta - Parte VI : Equilibrio general, econom&#xED;a del bienestar y econom&#xED;a pol&#xED;tica : 14. An&#xE1;lisis del equilibrio general y de la asigaci&#xF3;n de los recursos - 15. Econom&#xED;a del Bienestar - 16. Bienes p&#xFA;blicos, exterioridades y el rol del gobierno - Parte VII : Elecciones intertemporales y decisiones que extra&#xF1;an riesgo : 17. Las elecciones intertemporales y el cambio teconol&#xF3;gico - 18. La toma de decisiones y las elecciones que involucran riesgo. </subfield>
  </datafield>
  <datafield tag="041" ind1=" " ind2=" ">
    <subfield code="a">spa</subfield>
  </datafield>
  <datafield tag="942" ind1=" " ind2=" ">
    <subfield code="c">BK</subfield>
  </datafield>
  <datafield tag="590" ind1=" " ind2=" ">
    <subfield code="a">niveau_biblio:m niveau_hierar:0</subfield>
  </datafield>
  <datafield tag="100" ind1="1" ind2=" ">
    <subfield code="a">Mansfield, Edwin</subfield>
  </datafield>
  <datafield tag="700" ind1="1" ind2=" ">
    <subfield code="a">Escude, Guillermo</subfield>
  </datafield>
  <datafield tag="856" ind1="4" ind2="1">
    <subfield code="u">https://biblioeco.unsa.edu.ar/pmb/images/libros/L128609.jpg</subfield>
    <subfield code="y">Imagen de portada</subfield>
    <subfield code="q">image/jpeg</subfield>
  </datafield>
  <datafield tag="999" ind1=" " ind2=" ">
    <subfield code="c">6057</subfield>
    <subfield code="d">6057</subfield>
  </datafield>
  <datafield tag="952" ind1=" " ind2=" ">
    <subfield code="0">0</subfield>
    <subfield code="1">0</subfield>
    <subfield code="4">0</subfield>
    <subfield code="7">0</subfield>
    <subfield code="a">BCEJYS</subfield>
    <subfield code="b">BCEJYS</subfield>
    <subfield code="c">16</subfield>
    <subfield code="d">2026-04-07</subfield>
    <subfield code="l">0</subfield>
    <subfield code="o">330.101.542 M287</subfield>
    <subfield code="p">L128609</subfield>
    <subfield code="r">2026-04-07 15:58:31</subfield>
    <subfield code="w">2026-04-07</subfield>
    <subfield code="y">L</subfield>
  </datafield>
</record>
